Fray Perico y su borrico
Gorde:
| Egile nagusia: | |
|---|---|
| Formatua: | Liburua |
| Hizkuntza: | gaztelania |
| Argitaratua: |
Madrid
SM
1996
|
| Edizioa: | 25a. ed |
| Saila: | El Barco de Vapor, 3
|
| Gaiak: | |
| Etiketak: |
Etiketa erantsi
Etiketarik gabe, Izan zaitez lehena erregistro honi etiketa jartzen!
|
MARC
| LEADER | 00000nam a2200000 a 4500 | ||
|---|---|---|---|
| 001 | UCH9755 | ||
| 003 | CL-VaPUC | ||
| 008 | 100121e19960300SP |||||||||||||||||spa|d | ||
| 020 | |a 8434808633 | ||
| 082 | 0 | 4 | |a 863 |b MUÑ |2 21 |
| 100 | |a Muñoz Martín, Juan |e autor |9 571883 | ||
| 245 | 1 | 0 | |a Fray Perico y su borrico |
| 250 | |a 25a. ed | ||
| 300 | |a 124 p | ||
| 942 | |c BK | ||
| 945 | |d 20100121 00:00:00 |a dcastane | ||
| 260 | |a Madrid |b SM |c 1996 | ||
| 650 | 0 | |a Literatura española |9 306261 | |
| 650 | 0 | |a Cuentos españoles |9 267960 | |
| 650 | 0 | |a Cuentos infantiles |9 308044 | |
| 583 | |a last modification |c 20100121 00:00:00 |k Rodrigo Vera | ||
| 490 | 0 | |a El Barco de Vapor, 3 | |
| 999 | |c 339645 |d 339643 | ||